Fault Lines (Record no. 334882)

MARC details
000 -LEADER
fixed length control field 00482nam a2200169Ia 4500
008 - FIXED-LENGTH DATA ELEMENTS--GENERAL INFORMATION
fixed length control field 230718s9999 xx 000 0 und d
020 ## - INTERNATIONAL STANDARD BOOK NUMBER
International Standard Book Number 9789350291733
041 ## - LANGUAGE CODE
Language code of text/sound track or separate title eng
082 ## - DEWEY DECIMAL CLASSIFICATION NUMBER
Classification number 330.9'0511
Item number RAJ
100 ## - MAIN ENTRY--PERSONAL NAME
Personal name Rajan R.G.
245 ## - TITLE STATEMENT
Title Fault Lines
Remainder of title How Hidden Fractures Still Threaten The World Economy
260 ## - PUBLICATION, DISTRIBUTION, ETC. (IMPRINT)
Date of publication, distribution, etc. 2011
Name of publisher, distributor, etc. Collins Business
300 ## - PHYSICAL DESCRIPTION
Extent 354
365 ## - TRADE PRICE
Currency code Rs.
Price amount 399.00
700 ## - ADDED ENTRY--PERSONAL NAME
Personal name Rajan R.G.
906 ## - LOCAL DATA ELEMENT F, LDF (RLIN)
d O:0366822-Jan-2014B:477019-Dec-2013
c GENRL
b 87.78
Holdings
Withdrawn status Lost status Damaged status Not for loan Home library Current library Date acquired Vendor Budget Code Cost, normal purchase price Bill number Total Checkouts Full call number Barcode Date last seen Discount Cost, replacement price Bill Date Koha item type Original Barcode
        Cummins College of Engineering for Women Pune Cummins College of Engineering for Women Pune 22/01/2014 Technical Book Services GENRL 311.22 4770   330.9'0511 CCEP-BK-46089 18/07/2023 87.78 399.00 19/12/2013 Books 046089